[Event "BL2-Nord 0405"]
[Site "Germany"]
[Date "2005.01.16"]
[Round "5.3"]
[White "Stern, Rene"]
[Black "Schlingensiepen, Christian"]
[Result "1/2-1/2"]
[WhiteElo "2469"]
[BlackElo "2327"]
[PlyCount "73"]
[EventDate "2004.10.24"]
[EventType "team-tourn"]
[EventRounds "9"]
[EventCountry "GER"]
[SourceTitle "EXT 2007"]
[Source "ChessBase"]
[SourceDate "2006.11.23"]
[SourceVersion "1"]
[SourceVersionDate "2006.11.23"]
[SourceQuality "1"]
[WhiteTeam "Koenig Tegel"]
[BlackTeam "Hannover Post"]
[WhiteTeamCountry "GER"]
[BlackTeamCountry "GER"]

1. d4 Nf6 2. c4 e6 3. Nc3 Bb4 4. Nf3 c5 5. g3 cxd4 6. Nxd4 Ne4 7. Qd3 Qa5 8. Nb3 Nxc3 9. Nxa5 Ne4+ 10. Bd2 Bxd2+ 11. Qxd2 Nxd2 12. Kxd2 Nc6 13. Nb3 b6 14. Bg2 Bb7 15. Rhc1 Na5 16. Bxb7 Nxb7 17. c5 Nxc5 18. Nxc5 bxc5 19. Rxc5 Ke7 20. Rac1 Rhb8 21. b3 f5 22. R1c4 Rb6 23. h4 Rab8 24. Ra5 a6 25. e3 Rd6+ 26. Kc2 Kf6 27. Rac5 h6 28. b4 g5 29. a3 e5 30. hxg5+ hxg5 31. g4 Rh8 32. f4 Rh2+ 33. Kb3 gxf4 34. exf4 Rh3+ 35. Kc2 Rh2+ 36. Kb3 Rh3+ 37. Kc2 1/2-1/2

[Event "BL2-Nord 0405"]
[Site "Germany"]
[Date "2004.11.14"]
[Round "2.4"]
[White "Christ, Ralf"]
[Black "Schlingensiepen, Christian"]
[Result "1/2-1/2"]
[WhiteElo "2302"]
[BlackElo "2327"]
[PlyCount "149"]
[EventDate "2004.10.24"]
[EventType "team-tourn"]
[EventRounds "9"]
[EventCountry "GER"]
[SourceTitle "EXT 2007"]
[Source "ChessBase"]
[SourceDate "2006.11.23"]
[SourceVersion "1"]
[SourceVersionDate "2006.11.23"]
[SourceQuality "1"]
[WhiteTeam "Luebeck"]
[BlackTeam "Hannover Post"]
[WhiteTeamCountry "GER"]
[BlackTeamCountry "GER"]

1. Nf3 Nf6 2. c4 e6 3. Nc3 d5 4. d4 dxc4 5. e3 c5 6. Bxc4 Nc6 7. 0-0 cxd4 8. exd4 Be7 9. Re1 0-0 10. Bg5 Nd5 11. Bxe7 Ncxe7 12. Ne5 b6 13. Nxd5 Nxd5 14. Nc6 Qd6 15. Bxd5 exd5 16. Rc1 Be6 17. Qd2 Rfc8 18. Ne5 f6 19. Nd3 Bf5 20. Qb4 Qd7 21. Nf4 Rxc1 22. Rxc1 Rc8 23. Rxc8+ Qxc8 24. Qe1 Kf7 25. Nxd5 Qd7 26. Ne3 Be6 27. Qd1 Bxa2 28. d5 g6 29. Qd3 a5 30. h3 a4 31. Qd4 Qd6 32. Qxa4 Bxd5 33. Qd4 Ke6 34. Nxd5 Qxd5 35. Qxb6+ Kf7 36. Qc7+ Ke6 37. Qc2 g5 38. Kf1 h5 39. Qe2+ Kd7 40. Qc2 h4 41. f3 Qd4 42. Ke2 Qe5+ 43. Kd1 Qh2 44. Kc1 Ke6 45. Qc6+ Ke7 46. Qc5+ Ke6 47. Qc4+ Ke7 48. Qe2+ Kf7 49. b4 Qf4+ 50. Qd2 Qc4+ 51. Kb2 Kg7 52. Qc3 Qe2+ 53. Qc2 Qe5+ 54. Kb3 Qd5+ 55. Ka4 Qa8+ 56. Kb5 Qb7+ 57. Kc4 Qc6+ 58. Kd3 Qd5+ 59. Kc3 Qe5+ 60. Kc4 Qe6+ 61. Kb5 Qd7+ 62. Qc6 Qd3+ 63. Qc4 Qd7+ 64. Kb6 Qd2 65. Qg4 f5 66. Qxf5 Qxb4+ 67. Kc6 Qa4+ 68. Kd6 Qa6+ 69. Kd7 Qb7+ 70. Ke8 Qb8+ 71. Ke7 Qc7+ 72. Qd7 Qxd7+ 73. Kxd7 Kf7 74. Kd8 Kf8 75. Kd7 1/2-1/2

[Event "Oberliga Nord W 0203"]
[Site "Germany"]
[Date "2003.02.09"]
[Round "6.5"]
[White "Kerker, Andreas"]
[Black "Schlingensiepen, Christian"]
[Result "0-1"]
[WhiteElo "2151"]
[BlackElo "2298"]
[PlyCount "82"]
[EventDate "2002.10.20"]
[EventType "team"]
[EventRounds "9"]
[EventCountry "GER"]
[SourceTitle "EXT 2004"]
[Source "ChessBase"]
[SourceDate "2003.11.25"]
[SourceVersion "1"]
[SourceVersionDate "2003.11.25"]
[SourceQuality "1"]
[WhiteTeam "Jever"]
[BlackTeam "Hannover Post"]
[WhiteTeamCountry "GER"]
[BlackTeamCountry "GER"]

1. e4 e5 2. Nf3 Nc6 3. Bb5 f5 4. Nc3 fxe4 5. Nxe4 Nf6 6. Qe2 d5 7. Nxf6+ gxf6 8. d4 Bg7 9. Be3 0-0 10. 0-0-0 e4 11. Ne1 Ne7 12. g4 c6 13. Ba4 b5 14. Bb3 a5 15. c3 f5 16. gxf5 Bxf5 17. Ng2 Qd7 18. Rdg1 Bg4 19. Qd2 Ng6 20. Bd1 Bxd1 21. Qxd1 Qh3 22. Ne1 Bh6 23. Rg3 Bxe3+ 24. fxe3 Qf5 25. h4 Kh8 26. Rg5 Qf2 27. Ng2 Rf3 28. Qe1 Rg8 29. Qxf2 Rxf2 30. h5 Ne7 31. Rxg8+ Kxg8 32. Nf4 Nf5 33. Ne6 Nxe3 34. Rg1+ Kf7 35. Nd8+ Kf6 36. Nxc6 Nc4 37. b3 Na3 38. Nxa5 e3 39. Nc6 Rxa2 40. Rg3 e2 41. Re3 Rc2# 0-1

[Event "Oberliga Nord W 0203"]
[Site "Germany"]
[Date "2002.11.17"]
[Round "2.4"]
[White "Renner, Kai"]
[Black "Schlingensiepen, Christian"]
[Result "0-1"]
[WhiteElo "2195"]
[BlackElo "2298"]
[PlyCount "148"]
[EventDate "2002.10.20"]
[EventType "team"]
[EventRounds "9"]
[EventCountry "GER"]
[SourceTitle "EXT 2004"]
[Source "ChessBase"]
[SourceDate "2003.11.25"]
[SourceVersion "1"]
[SourceVersionDate "2003.11.25"]
[SourceQuality "1"]
[WhiteTeam "Hameln"]
[BlackTeam "Hannover Post"]
[WhiteTeamCountry "GER"]
[BlackTeamCountry "GER"]

1. e4 e5 2. Nf3 Nc6 3. Bb5 f5 4. Nc3 fxe4 5. Nxe4 Nf6 6. Qe2 d5 7. Nxf6+ gxf6 8. d4 Bg7 9. dxe5 0-0 10. e6 Re8 11. Be3 Bxe6 12. 0-0-0 Qe7 13. Rhe1 Rad8 14. h3 Bf5 15. Nh4 Bc8 16. Qh5 Qe5 17. Qxe5 fxe5 18. Bxc6 bxc6 19. Bxa7 e4 20. Bd4 Bf8 21. g4 c5 22. Be3 Be7 23. Ng2 Rf8 24. c3 Rf3 25. Rh1 Ba6 26. Ne1 Rf7 27. Rd2 c6 28. Nc2 Bd3 29. a3 Bd6 30. Ne1 c4 31. b4 cxb3 32. Nxd3 exd3 33. Kb2 Ra8 34. Ra1 Rb7 35. a4 Kf7 36. Rxd3 Ke6 37. f4 Bf8 38. f5+ Kd6 39. Bf4+ Kd7 40. Be5 Re8 41. Re1 Ra8 42. Ra1 Re8 43. Re3 c5 44. g5 Kc6 45. c4 dxc4 46. Ree1 Rbe7 47. Bc3 Re2+ 48. Rxe2 Rxe2+ 49. Ka3 Re3 50. Rc1 Rxh3 51. Bb2 c3 52. Bxc3 c4+ 53. Kb2 Rh2+ 54. Kb1 Ba3 55. Rg1 Bc5 56. Rf1 Rg2 57. f6 Rxg5 58. f7 Bf8 59. Rf6+ Kb7 60. Rf1 h5 61. Bf6 Rg4 62. Kb2 h4 63. Kc3 h3 64. Rh1 Rf4 65. Bd4 Rxf7 66. Kxc4 Rf3 67. Bc3 Bd6 68. Rb1 h2 69. Rxb3+ Kc6 70. Rb1 Rf4+ 71. Kd3 Rg4 72. Bd4 Rxd4+ 73. Kxd4 Bc5+ 74. Ke4 Bg1 0-1

[Event "Oberliga Nord W 0203"]
[Site "Germany"]
[Date "2002.10.20"]
[Round "1.5"]
[White "Schulz, Juergen"]
[Black "Schlingensiepen, Christian"]
[Result "1/2-1/2"]
[WhiteElo "2266"]
[BlackElo "2298"]
[PlyCount "153"]
[EventDate "2002.10.20"]
[EventType "team"]
[EventRounds "9"]
[EventCountry "GER"]
[SourceTitle "EXT 2004"]
[Source "ChessBase"]
[SourceDate "2003.11.25"]
[SourceVersion "1"]
[SourceVersionDate "2003.11.25"]
[SourceQuality "1"]
[WhiteTeam "Hannover SF"]
[BlackTeam "Hannover Post"]
[WhiteTeamCountry "GER"]
[BlackTeamCountry "GER"]

1. d4 Nf6 2. Nf3 e6 3. Bf4 c5 4. e3 b6 5. Nbd2 Bb7 6. Bd3 cxd4 7. exd4 Be7 8. 0-0 0-0 9. c3 Nd5 10. Bxb8 Rxb8 11. Qa4 a6 12. Rfe1 f5 13. Bf1 b5 14. Qb3 Nb6 15. Qc2 Qc7 16. Qd3 Rbc8 17. Qe2 Bd5 18. a3 Qb7 19. Qe3 Nc4 20. Nxc4 bxc4 21. Qe2 f4 22. Rab1 Bd6 23. Ng5 f3 24. Qc2 Rf5 25. Ne4 Bxe4 26. Rxe4 fxg2 27. Bxg2 Qc7 28. Rh4 Be7 29. Rh3 Rcf8 30. Rf1 Qf4 31. Kh1 g6 32. Rf3 Qh4 33. Rh3 Qf6 34. Qe2 Rxf2 35. Rxf2 Qxf2 36. Qxf2 Rxf2 37. Bb7 a5 38. Bc8 Rxb2 39. Bxd7 Bxa3 40. Bxe6+ Kg7 41. Bxc4 Bd6 42. Rf3 Rxh2+ 43. Kg1 Rc2 44. Bb3 Rd2 45. Rf7+ Kh6 46. Rd7 Bh2+ 47. Kf1 g5 48. Bg8 g4 49. Rxh7+ Kg5 50. Ke1 Rb2 51. Ra7 g3 52. Rxa5+ Kf4 53. Bd5 Ke3 54. Kd1 Kd3 55. Kc1 Rc2+ 56. Kb1 Rxc3 57. Ra2 Kxd4 58. Rd2+ Ke3 59. Rc2 Rd3 60. Bc6 Bg1 61. Kb2 Rd6 62. Bg2 Bf2 63. Rc3+ Kd4 64. Rc6 Rd8 65. Rg6 Kd3 66. Bf1+ Kd2 67. Kb3 Rd4 68. Bg2 Be1 69. Rg5 Ke2 70. Bc6 Rb4+ 71. Ka3 Rb6 72. Bd5 Bb4+ 73. Ka4 Bd6 74. Ka5 Rb2 75. Rg6 Bf4 76. Ka4 Kd3 77. Rg4 1/2-1/2

[Event "AUT-chT2M 9900"]
[Site "Austria"]
[Date "1999.12.04"]
[Round "4.2"]
[White "Loidl, Florian"]
[Black "Schlingensiepen, Christian"]
[Result "1-0"]
[WhiteElo "2186"]
[BlackElo "2322"]
[PlyCount "70"]
[EventDate "1999.??.??"]
[EventType "team"]
[EventRounds "11"]
[EventCountry "AUT"]
[SourceTitle "EXT 2004"]
[Source "ChessBase"]
[SourceDate "2003.11.25"]
[SourceVersion "1"]
[SourceVersionDate "2003.11.25"]
[SourceQuality "1"]

1. e4 e5 2. Nf3 Nc6 3. Bb5 f5 4. d4 fxe4 5. Bxc6 dxc6 6. Nxe5 Nf6 7. 0-0 Bd6 8. Bf4 0-0 9. Bg3 Qe8 10. Nd2 Bf5 11. Ndc4 Rd8 12. c3 b5 13. Ne3 Be6 14. Qc2 c5 15. Rad1 Qh5 16. Nc6 Bxg3 17. fxg3 Rde8 18. Rf4 Ng4 19. Nf1 Rxf4 20. gxf4 Bc4 21. h3 Qh6 22. hxg4 Qxc6 23. Ne3 Bd3 24. Qb3+ c4 25. Qb4 a6 26. g5 Rf8 27. f5 g6 28. g4 gxf5 29. gxf5 h6 30. Qe7 Rf7 31. Qe5 hxg5 32. Rd2 Qd6 33. Rg2 Qh6 34. Rh2 Qg7 35. Ng4 e3 1-0

[Event "AUT-chT2M 9899"]
[Site "Austria"]
[Date "1999.01.23"]
[Round "6"]
[White "Steiner, Guenter"]
[Black "Schlingensiepen, Christian"]
[Result "1/2-1/2"]
[WhiteElo "2240"]
[BlackElo "2340"]
[PlyCount "35"]
[EventDate "1998.11.??"]
[EventType "team-swiss"]
[EventRounds "11"]
[EventCountry "AUT"]
[SourceTitle "EXT 2000"]
[Source "ChessBase"]
[SourceDate "1999.11.16"]
[SourceVersion "1"]
[SourceVersionDate "1999.11.16"]
[SourceQuality "1"]

1. d4 Nf6 2. Bg5 e6 3. e3 c5 4. Nd2 b6 5. Ngf3 Bb7 6. Bd3 cxd4 7. exd4 Be7 8. 0-0 Nc6 9. Nc4 d6 10. c3 0-0 11. Re1 Nd5 12. Bd2 Bf6 13. Ne3 Nxe3 14. fxe3 d5 15. e4 dxe4 16. Bxe4 Na5 17. Bxb7 Nxb7 18. Bf4 1/2-1/2

[Event "Bundesliga 9899"]
[Site "Germany"]
[Date "1998.10.18"]
[Round "2.7"]
[White "Schoene, Ralf"]
[Black "Schlingensiepen, Christian"]
[Result "1-0"]
[WhiteElo "2425"]
[BlackElo "2300"]
[PlyCount "81"]
[EventDate "1998.10.17"]
[EventType "team-tourn"]
[EventRounds "15"]
[EventCountry "GER"]
[SourceTitle "GER-chT"]
[Source "ChessBase"]
[SourceDate "1999.07.01"]
[SourceVersion "1"]
[SourceVersionDate "1999.07.01"]
[SourceQuality "1"]
[WhiteTeam "Neukoelln"]
[BlackTeam "Passau"]
[WhiteTeamCountry "GER"]
[BlackTeamCountry "GER"]

1. c4 Nf6 2. b3 e5 3. Bb2 Nc6 4. d3 d5 5. cxd5 Nxd5 6. Nf3 f6 7. Nbd2 Be6 8. a3 Qd7 9. e3 0-0-0 10. Be2 g5 11. 0-0 g4 12. Ne1 h5 13. Nc2 h4 14. Ne4 Be7 15. b4 f5 16. b5 Na5 17. Nd2 Bf6 18. Nb4 g3 19. Nxd5 Qxd5 20. Nf3 gxh2+ 21. Kxh2 Rhg8 22. Qa4 Nb3 23. e4 Qd6 24. Qxa7 Nxa1 25. Rxa1 h3 26. g3 f4 27. Rc1 fxg3+ 28. fxg3 Bg4 29. b6 Rg7 30. Bxe5 Bxe5 31. Nxe5 Qxe5 32. Bxg4+ Rxg4 33. Rxc7+ Qxc7 34. bxc7 Kxc7 35. Qa5+ b6 36. Qe5+ Rd6 37. d4 Rgg6 38. d5 Rh6 39. Qg7+ Kb8 40. e5 Rdg6 41. Qf8+ 1-0

[Event "Passau op 6th"]
[Site "Passau"]
[Date "1998.04.11"]
[Round "4"]
[White "Schlingensiepen, Christian"]
[Black "Recklingloh, Frank"]
[Result "1-0"]
[WhiteElo "2300"]
[BlackElo "1925"]
[PlyCount "67"]
[EventDate "1998.04.10"]
[EventType "swiss"]
[EventRounds "7"]
[EventCountry "GER"]
[SourceTitle "EXT 1999"]
[Source "ChessBase"]
[SourceDate "1998.11.16"]
[SourceVersion "1"]
[SourceVersionDate "1998.11.16"]
[SourceQuality "1"]

1. e4 c5 2. Nc3 d6 3. g3 Nc6 4. Bg2 g6 5. d3 Bg7 6. Be3 Rb8 7. Qd2 b5 8. Nge2 Nd4 9. 0-0 e6 10. Nc1 b4 11. Nd1 Ne7 12. c3 bxc3 13. bxc3 Ndc6 14. Bh6 0-0 15. Bxg7 Kxg7 16. Ne3 f5 17. exf5 exf5 18. Ne2 g5 19. f4 g4 20. d4 Ba6 21. Rf2 Qb6 22. Rc1 Rfc8 23. dxc5 Qxc5 24. Rd1 Rd8 25. c4 Na5 26. Nd4 Kf6 27. Bd5 Nxc4 28. Bxc4 Bxc4 29. Rc1 Rdc8 30. Rxc4 Rb1+ 31. Rf1 Qb6 32. Rxc8 Nxc8 33. Ndxf5 Ne7 34. Qxd6+ 1-0

[Event "Passau op 6th"]
[Site "Passau"]
[Date "1998.04.10"]
[Round "2"]
[White "Schlingensiepen, Christian"]
[Black "Scharping, Hans Martin"]
[Result "1-0"]
[WhiteElo "2300"]
[BlackElo "2050"]
[PlyCount "85"]
[EventDate "1998.04.10"]
[EventType "swiss"]
[EventRounds "7"]
[EventCountry "GER"]
[SourceTitle "EXT 1999"]
[Source "ChessBase"]
[SourceDate "1998.11.16"]
[SourceVersion "1"]
[SourceVersionDate "1998.11.16"]
[SourceQuality "1"]

1. e4 c6 2. d3 g6 3. g3 Bg7 4. Bg2 e5 5. Nf3 d6 6. 0-0 Nd7 7. Nc3 Ngf6 8. d4 0-0 9. a4 Re8 10. Re1 a5 11. h3 b6 12. Be3 Bb7 13. dxe5 dxe5 14. Bf1 Qc7 15. Nd2 Rad8 16. Qf3 Nc5 17. Nc4 Rd4 18. Bxd4 exd4 19. e5 Nfd7 20. Ne4 Nxe4 21. Qxe4 c5 22. Qf4 Bh6 23. Qg4 Qc6 24. f3 f5 25. exf6 Nxf6 26. Rxe8+ Qxe8 27. Qh4 Be3+ 28. Kg2 g5 29. Qh6 Bxf3+ 30. Kh2 Qe6 31. Nxe3 Qxe3 32. Bg2 Bxg2 33. Qxf6 Qd2 34. Kg1 Bxh3 35. Qf2 Qxf2+ 36. Kxf2 h5 37. c3 d3 38. b3 Bg4 39. Ke3 Be2 40. Rb1 Kf7 41. b4 g4 42. bxa5 bxa5 43. Rb5 1-0

[Event "Passau op 6th"]
[Site "Passau"]
[Date "1998.04.10"]
[Round "1"]
[White "Winter, Astrid"]
[Black "Schlingensiepen, Christian"]
[Result "0-1"]
[WhiteElo "1896"]
[BlackElo "2300"]
[PlyCount "114"]
[EventDate "1998.04.10"]
[EventType "swiss"]
[EventRounds "7"]
[EventCountry "GER"]
[SourceTitle "EXT 1999"]
[Source "ChessBase"]
[SourceDate "1998.11.16"]
[SourceVersion "1"]
[SourceVersionDate "1998.11.16"]
[SourceQuality "1"]

1. e4 e5 2. Nf3 Nc6 3. Bc4 Nf6 4. d3 Bc5 5. Bg5 d6 6. Nc3 h6 7. Bh4 Bg4 8. h3 Bxf3 9. Qxf3 Nd4 10. Qd1 c6 11. a3 a5 12. 0-0 g5 13. Bg3 h5 14. Ne2 h4 15. Bh2 Nxe2+ 16. Qxe2 Rg8 17. c3 g4 18. hxg4 Nxg4 19. Qf3 Qe7 20. Rad1 Rg7 21. d4 Bb6 22. Be2 Nxh2 23. Kxh2 0-0-0 24. b4 Rdg8 25. Rg1 axb4 26. axb4 exd4 27. Qf5+ Kb8 28. cxd4 d5 29. Bf3 Rg5 30. Qh7 dxe4 31. Qxe4 Qd6+ 32. Kh1 Rh8 33. Rge1 Bc7 34. Kg1 Qh2+ 35. Kf1 Rg6 36. Re3 Bf4 37. Red3 Re6 38. d5 Rxe4 39. Bxe4 cxd5 40. Rxd5 Re8 41. Rd8+ Rxd8 42. Rxd8+ Kc7 43. Rf8 b6 44. Rxf7+ Kd6 45. Rb7 Ke5 46. Bf3 Qh1+ 47. Ke2 Qc1 48. Kd3 Qd2+ 49. Kc4 Qxf2 50. Re7+ Kd6 51. Re2 Qf1 52. Bg4 Qc1+ 53. Kd3 b5 54. Rc2 Qa3+ 55. Rc3 Qxb4 56. Bf3 Qb1+ 57. Ke2 Qb2+ 0-1

[Event "Bundesliga 9798"]
[Site "Germany"]
[Date "1998.03.29"]
[Round "13.8"]
[White "Schlingensiepen, Christian"]
[Black "Kimpinsky, Frank"]
[Result "1-0"]
[WhiteElo "2300"]
[BlackElo "2270"]
[PlyCount "117"]
[EventDate "1997.10.18"]
[EventType "team-tourn"]
[EventRounds "15"]
[EventCountry "GER"]
[SourceTitle "GER-chT"]
[Source "ChessBase"]
[SourceDate "1999.07.01"]
[SourceVersion "1"]
[SourceVersionDate "1999.07.01"]
[SourceQuality "1"]
[WhiteTeam "Passau"]
[BlackTeam "Berlin Empor"]
[WhiteTeamCountry "GER"]
[BlackTeamCountry "GER"]

1. e4 c5 2. Nc3 d6 3. g3 Nc6 4. Bg2 g6 5. d3 Bg7 6. Be3 b6 7. Qd2 Ba6 8. Nge2 Rc8 9. 0-0 e6 10. f4 f5 11. exf5 exf5 12. d4 Nf6 13. d5 Ne7 14. Kh1 0-0 15. a4 Rc7 16. Rfe1 Nc8 17. Ng1 Re7 18. Nf3 h6 19. h3 Kh7 20. Nh2 Qd7 21. Rg1 Rfe8 22. Rae1 Nh5 23. Bf3 Bd4 24. Nd1 Qxa4 25. Bxh5 gxh5 26. b3 Qa1 27. Nf3 Bf6 28. c3 Rg7 29. Qc2 Ne7 30. Bd2 Bc8 31. Ne3 Qa6 32. g4 hxg4 33. hxg4 Kh8 34. g5 hxg5 35. fxg5 Rh7+ 36. Kg2 Rg8 37. Kf2 Be5 38. Nc4 Qb7 39. Ncxe5 dxe5 40. Rxe5 Nxd5 41. c4 Nb4 42. Qc3 Qg7 43. Re7 Na2 44. Rxg7 Nxc3 45. Rxh7+ Kxh7 46. Bxc3 f4 47. Ne5 Bf5 48. Kf3 Bc2 49. Kxf4 Rf8+ 50. Kg4 Rf2 51. Rh1+ Kg8 52. g6 Be4 53. Rd1 Rg2+ 54. Kh3 Rc2 55. Ba1 Ra2 56. Kg3 Rg2+ 57. Kf4 Bxg6 58. Rd8+ Kh7 59. Nxg6 1-0

[Event "Bundesliga 9798"]
[Site "Germany"]
[Date "1998.01.11"]
[Round "7.8"]
[White "Voekler, Bernd"]
[Black "Schlingensiepen, Christian"]
[Result "1-0"]
[WhiteElo "2395"]
[BlackElo "2300"]
[PlyCount "83"]
[EventDate "1997.10.18"]
[EventType "team-tourn"]
[EventRounds "15"]
[EventCountry "GER"]
[SourceTitle "GER-chT"]
[Source "ChessBase"]
[SourceDate "1999.07.01"]
[SourceVersion "1"]
[SourceVersionDate "1999.07.01"]
[SourceQuality "1"]
[WhiteTeam "Erfurt"]
[BlackTeam "Passau"]
[WhiteTeamCountry "GER"]
[BlackTeamCountry "GER"]

1. e4 e5 2. Nf3 Nc6 3. Bb5 f5 4. d3 fxe4 5. dxe4 Nf6 6. Bg5 Bb4+ 7. c3 Bc5 8. 0-0 d6 9. b4 Bb6 10. h3 0-0 11. Nbd2 a6 12. Bd3 h6 13. Be3 Bxe3 14. fxe3 Be6 15. a3 d5 16. Qe2 Qe8 17. exd5 Bxd5 18. c4 Bf7 19. Ne4 Bh5 20. Qc2 Qe7 21. Nfd2 Nxe4 22. Nxe4 Rxf1+ 23. Rxf1 Rf8 24. Rxf8+ Qxf8 25. Ng3 Bf7 26. Bh7+ Kh8 27. Be4 Qd6 28. Kh2 Nd8 29. c5 Qe6 30. Qd1 Nc6 31. Qf3 Kg8 32. Ne2 Qc4 33. Qf5 g6 34. Qc8+ Kg7 35. Ng3 h5 36. Qxb7 h4 37. Qxc6 hxg3+ 38. Kxg3 Qc3 39. Kf3 Qxa3 40. Qxc7 Qa1 41. c6 g5 42. Qe7 1-0

[Event "Bundesliga 9697"]
[Site "Germany"]
[Date "1997.??.??"]
[Round "?.7"]
[White "Kistella, Roman"]
[Black "Schlingensiepen, Christian"]
[Result "1/2-1/2"]
[WhiteElo "2275"]
[BlackElo "2290"]
[PlyCount "82"]
[EventDate "1996.10.12"]
[EventType "team-tourn"]
[EventRounds "15"]
[EventCountry "GER"]
[SourceTitle "GER-chT"]
[Source "ChessBase"]
[SourceDate "1999.07.01"]
[SourceVersion "1"]
[SourceVersionDate "1999.07.01"]
[SourceQuality "1"]
[WhiteTeam "Wuppertal"]
[BlackTeam "Passau"]
[WhiteTeamCountry "GER"]
[BlackTeamCountry "GER"]

1. d4 Nf6 2. c4 e6 3. Nf3 d5 4. Nc3 dxc4 5. e4 Bb4 6. Bg5 c5 7. e5 cxd4 8. Nxd4 Qa5 9. exf6 Bxc3+ 10. bxc3 Qxg5 11. fxg7 Qxg7 12. Qf3 0-0 13. Bxc4 Nd7 14. Be2 Nc5 15. 0-0 e5 16. Nb3 Ne6 17. Rfe1 Nf4 18. Bf1 Be6 19. Qg3 Qxg3 20. hxg3 Ng6 21. Nc5 Rac8 22. Nxe6 fxe6 23. Rab1 b6 24. Rb3 Rfd8 25. Ra3 Rc7 26. f3 Kf7 27. Kf2 Kf6 28. Ke3 Ne7 29. Kf2 Rd5 30. Re4 Nf5 31. g4 Nd6 32. Re3 h6 33. Kg3 Rd1 34. Rd3 Nb5 35. Rxd1 Nxa3 36. Rd8 Rxc3 37. Rf8+ Kg7 38. Re8 Kf7 39. Rh8 Kg7 40. Re8 Kf7 41. Rh8 Kg7 1/2-1/2

[Event "Bundesliga 9697"]
[Site "Germany"]
[Date "1997.??.??"]
[Round "?.8"]
[White "Schlingensiepen, Christian"]
[Black "Fuhrmann, Daniel"]
[Result "1-0"]
[WhiteElo "2290"]
[BlackElo "2280"]
[PlyCount "81"]
[EventDate "1996.10.12"]
[EventType "team-tourn"]
[EventRounds "15"]
[EventCountry "GER"]
[SourceTitle "GER-chT"]
[Source "ChessBase"]
[SourceDate "1999.07.01"]
[SourceVersion "1"]
[SourceVersionDate "1999.07.01"]
[SourceQuality "1"]
[WhiteTeam "Passau"]
[BlackTeam "Erfurt"]
[WhiteTeamCountry "GER"]
[BlackTeamCountry "GER"]

1. e4 c5 2. Nc3 e6 3. g3 Nc6 4. Bg2 g6 5. d3 Bg7 6. Be3 Qa5 7. Qd2 Nd4 8. Nf3 d6 9. 0-0 Bd7 10. Bf4 e5 11. Nd5 Qxd2 12. Bxd2 Ne6 13. Be3 Ne7 14. Nd2 Nc8 15. a4 0-0 16. Nc4 Rb8 17. a5 Kh8 18. Rab1 b5 19. axb6 axb6 20. b4 b5 21. bxc5 dxc5 22. f4 exf4 23. gxf4 f5 24. Ne5 Be8 25. exf5 gxf5 26. Ra1 Nb6 27. Ra7 Na4 28. Rf3 Nd4 29. Bxd4 cxd4 30. Rg3 Bxe5 31. fxe5 Bg6 32. Nf4 Rb6 33. e6 Re8 34. Bd5 Nc3 35. Bb3 b4 36. Nxg6+ hxg6 37. Rh3+ Kg8 38. Rhh7 Ne2+ 39. Kf2 Nf4 40. Rag7+ Kf8 41. e7+ 1-0

[Event "Passau op 5th"]
[Site "Passau"]
[Date "1997.??.??"]
[Round "5"]
[White "Schlingensiepen, Christian"]
[Black "Stock, Juergen"]
[Result "1-0"]
[WhiteElo "2290"]
[BlackElo "2045"]
[PlyCount "73"]
[EventDate "1997.05.??"]
[EventType "swiss"]
[EventRounds "7"]
[EventCountry "GER"]
[SourceTitle "EXT 2001"]
[Source "ChessBase"]
[SourceDate "2000.11.22"]
[SourceVersion "1"]
[SourceVersionDate "2000.11.22"]
[SourceQuality "1"]

1. Nf3 f5 2. g3 Nf6 3. Bg2 e6 4. 0-0 c6 5. d3 d5 6. Nbd2 Bc5 7. c3 0-0 8. Qc2 Nbd7 9. e4 fxe4 10. dxe4 e5 11. b4 Bb6 12. c4 d4 13. c5 Bc7 14. Qb3+ Kh8 15. Ng5 Qe8 16. Ne6 Bd8 17. Nxf8 Nxf8 18. Bb2 Be6 19. Qc2 Qh5 20. Nc4 Be7 21. f3 h6 22. a4 N8d7 23. Na5 Rb8 24. Ra3 Qg6 25. f4 exf4 26. gxf4 d3 27. Rxd3 Qe8 28. Nc4 Bg8 29. Ne5 Nf8 30. f5 Rd8 31. Rxd8 Bxd8 32. Nc4 Bxc4 33. Qxc4 Ng4 34. h3 Ne5 35. Qb3 Bc7 36. f6 g6 37. b5 1-0

[Event "Baunatal op 2nd"]
[Site "Baunatal"]
[Date "1996.??.??"]
[Round "?"]
[White "Gasthofer, Viktor"]
[Black "Schlingensiepen, Christian"]
[Result "1/2-1/2"]
[WhiteElo "2380"]
[BlackElo "2305"]
[PlyCount "80"]
[EventDate "1996.08.??"]
[EventType "swiss"]
[EventRounds "7"]
[EventCountry "GER"]
[SourceTitle "EXT 2001"]
[Source "ChessBase"]
[SourceDate "2000.11.22"]
[SourceVersion "1"]
[SourceVersionDate "2000.11.22"]
[SourceQuality "1"]

1. c4 Nf6 2. Nc3 e5 3. Nf3 Nc6 4. d4 exd4 5. Nxd4 g6 6. e4 Bg7 7. Be3 0-0 8. Be2 Re8 9. f3 Nxd4 10. Bxd4 d6 11. 0-0 Bd7 12. Qd2 Bc6 13. Rfd1 Nh5 14. Bxg7 Nxg7 15. Bf1 f5 16. exf5 Nxf5 17. Re1 Qf6 18. Rxe8+ Rxe8 19. Re1 Rxe1 20. Qxe1 Qd4+ 21. Qf2 Kf7 22. Qxd4 Nxd4 23. Kf2 Ke6 24. f4 d5 25. cxd5+ Bxd5 26. Nxd5 Kxd5 27. Bd3 c5 28. g4 c4 29. Bb1 Nb5 30. Ke3 Nd6 31. a4 a5 32. g5 b5 33. axb5 Nxb5 34. f5 gxf5 35. Bxf5 Ke5 36. Bxh7 c3 37. bxc3 Nxc3 38. h4 a4 39. Kd2 Nd5 40. h5 Kf4 1/2-1/2

[Event "Passau op 4th"]
[Site "Passau"]
[Date "1996.??.??"]
[Round "7"]
[White "Lenhardt, Manfred"]
[Black "Schlingensiepen, Christian"]
[Result "0-1"]
[WhiteElo "2145"]
[BlackElo "2280"]
[PlyCount "110"]
[EventDate "1996.04.??"]
[EventType "swiss"]
[EventRounds "7"]
[EventCountry "GER"]
[SourceTitle "EXT 2001"]
[Source "ChessBase"]
[SourceDate "2000.11.22"]
[SourceVersion "1"]
[SourceVersionDate "2000.11.22"]
[SourceQuality "1"]

1. e4 e5 2. Nf3 Nc6 3. Bb5 f5 4. Qe2 Qe7 5. Nc3 Nf6 6. Bxc6 dxc6 7. exf5 e4 8. Nd4 Qe5 9. Ne6 Bxe6 10. fxe6 Bd6 11. b3 0-0-0 12. Bb2 Qxe6 13. 0-0-0 Rhe8 14. h3 Bc5 15. Na4 Bd4 16. Bxd4 Rxd4 17. Nc3 Rd6 18. Rhe1 Qf5 19. Rf1 Nd5 20. Nxd5 cxd5 21. Qg4 Qxg4 22. hxg4 Rf8 23. f4 exf3 24. gxf3 Rdf6 25. Rde1 Rxf3 26. Rxf3 Rxf3 27. Re7 g5 28. Rxh7 Rf4 29. Kd1 Rxg4 30. Rg7 Rg2 31. a4 a5 32. c3 b6 33. Ke1 Kb7 34. Rg6 d4 35. cxd4 Rg3 36. Kd1 Rxb3 37. Rxg5 Rb4 38. Rd5 Rxa4 39. Kc2 Rc4+ 40. Kb3 Rc6 41. Rh5 Ka6 42. d5 Rd6 43. Kc4 b5+ 44. Kc5 b4 45. Rh3 Rb6 46. Rb3 Rb5+ 47. Kc4 Kb6 48. d4 Ka6 49. Rb1 b3 50. Rxb3 Rxb3 51. Kxb3 Kb5 52. Kc3 a4 53. Kb2 Kc4 54. Ka3 Kxd5 55. Kxa4 Kxd4 0-1